| 000 | 00590nam a2200181Ia 4500 | ||
|---|---|---|---|
| 003 | GCL | ||
| 008 | 140319s9999 xx 000 0 ara d | ||
| 040 |
_aGCL / _cGCL |
||
| 082 | 0 | 4 |
_a301.32 _bج م |
| 100 | 1 | _aجمال جاد الله | |
| 245 | 1 | 0 |
_aالمؤتمر الدولى السكان والتنمية الحدث والمواقف / _cجمال جاد الله |
| 300 | _a347 ص | ||
| 490 |
_aالهيئة العامة للاستعلامات _v0 |
||
| 650 | 0 | 4 | _aالسكان |
| 650 | 0 | 4 | _aالسكان - علم |
| 650 | 0 | 4 | _aالاحصائيات السكانية |
| 942 |
_2ddc _cBK |
||
| 999 |
_c52160 _d52160 |
||